| 000 | 01059akm a2200313a 44500 | ||
|---|---|---|---|
| 008 | 060522s2006 cat | ||
| 041 | _acat | ||
| 041 | _bspa | ||
| 080 | _a646(038) | ||
| 110 |
_aConsorci per a la Normalització Lingüística. Oficina de Català de Blanes _972457 |
||
| 245 |
_aVocabulari del calçat i la marroquineria _h[tríptic] _cConsorci per a la Normalització Lingüística. Oficina de Català de Blanes |
||
| 260 |
_aBlanes _bConsorci per a la Normalització Lingüística. Oficina de Català de Blanes _c2006 |
||
| 500 | _aCategoria gramatical | ||
| 520 | _a150 | ||
| 591 | _a9181 | ||
| 592 | _aObra terminològica | ||
| 593 | _aIU | ||
| 593 | _aISHN | ||
| 594 | _a9181 | ||
| 650 |
_acalçat _965031 |
||
| 650 |
_amarroquineria _972443 |
||
| 856 | _uhttps://www.cpnl.cat/media/upload/pdf/Cal%C3%A7atMarroquineria_editora_grup_30_170.pdf | ||
| 901 | _c[<2006>] | ||
| 902 | _a060522 | ||
| 942 |
_cMO _n0 _2ddc |
||
| 999 |
_c63912 _d63912 |
||